Asian Geography By Letter B - Picture Quiz - Statistics

General Stats
  • This quiz has been taken 1,130 times
  • The average score is 12 of 18
Answer Stats
Picture Hint Answer % Correct
(religion) Buddhism
97%
(country) Bhutan
93%
{Black} Sea
90%
(island) Borneo
90%
Brunei
90%
Bahrain
86%
(city) Beijing
79%
(ancient city) Babylon
75%
(resort island) Bali
75%
Lake {Baikal}
75%
{Bering} Strait
67%
(capital) Baku
65%
(region) Bengal
65%
(strait) Bosphorus
64%
(city) Bishkek
37%
(river) Brahmaputra
35%
{Bangalore} Palace
17%
(strait) Bab-el-Mandeb
13%
No matching quizzes found
Score Distribution
Percent of People with Each Score
Percentile by Number Answered
Your Score History
You have not taken this quiz